Loading...
| Religion | 0 | 5 | 2 | 0 | 40 | 51 | 76.00 | 1 | 3 | 16.67 | 36.86 |
| Mythology | 0 | 4 | 1 | 0 | 35 | 28 | 50.50 | 0 | 4 | 22.19 | 30.25 |
| Literature - European | 0 | 3 | 0 | 1 | 30 | 54 | 99.67 | 1 | 1 | 8.59 | 16.28 |
| Science - Other | 0 | 3 | 0 | 2 | 30 | 114 | 120.33 | 0 | 0 | 1.71 | 6.28 |
| Fine Arts - Painting and Sculpture | 0 | 3 | 0 | 0 | 30 | 38 | 65.33 | 1 | 3 | 13.25 | 24.71 |
| Literature - British | 0 | 3 | 0 | 0 | 30 | 58 | 73.67 | 0 | 2 | 13.02 | 21.98 |
| Literature - American | 0 | 2 | 0 | 0 | 20 | 50 | 58.50 | 2 | 2 | 10.63 | 17.27 |
| Popular Culture | 0 | 2 | 0 | 1 | 20 | 60 | 98.50 | 0 | 1 | 19.97 | 37.58 |
| Literature - World | 0 | 2 | 0 | 0 | 20 | 70 | 73.50 | 0 | 1 | 8.86 | 13.22 |
| Social Science | 0 | 2 | 1 | 1 | 15 | 74 | 103.00 | 0 | 0 | 2.36 | 6.36 |
| Philosophy | 0 | 1 | 0 | 0 | 10 | 108 | 108.00 | 0 | 1 | 1.24 | 7.44 |
| History - European | 0 | 1 | 0 | 0 | 10 | 50 | 50.00 | 0 | 0 | 5.62 | 6.61 |
| Fine Arts - Other | 0 | 1 | 1 | 0 | 5 | 99 | 99.00 | 1 | 1 | 2.80 | 9.09 |
| Science - Physics | 0 | 0 | 0 | 0 | 0 | 0.00 | 0 | 0 | 0.00 | 0.00 | |
| History - World | 0 | 1 | 3 | 0 | -5 | 83 | 83.00 | 0 | 1 | 3.05 | 7.44 |